Curso práctico de trigonometría
| Main Authors: | , |
|---|---|
| Format: | Section = Libro |
| Language: | Undetermined Spanish |
| Published: |
Barcelona
Montaner y Simón
1967
|
| Subjects: |
| LEADER | 00469nam a2200181Ia 4500 | ||
|---|---|---|---|
| 008 | 240829s9999 xx 000 0 und d | ||
| 040 | |a BIBLIOTECA-RUSB/ 516.24 C953 | ||
| 041 | |a spa | ||
| 082 | |a 516.24 C953 | ||
| 100 | 1 | |a Crowder, Norman A | |
| 100 | 1 | |b Martin, Grace C | |
| 245 | 1 | 0 | |a Curso práctico de trigonometría |
| 260 | |a Barcelona |b Montaner y Simón |c 1967 | ||
| 300 | |a 250 p. :il. | ||
| 650 | 7 | |a TRIGONOMETRIA | |
| 942 | |c BK |2 ddc | ||
| 991 | |a TEXTO | ||
| 999 | |c 1805 | ||